| 000 | 00955naa a22002777a 4500 | ||
|---|---|---|---|
| 001 | BR6008888 | ||
| 003 | BR-BrBNA | ||
| 005 | 20240918172946.0 | ||
| 007 | ta | ||
| 008 | 230509b bl.||||| |||| 00| 0 por d | ||
| 040 |
_aBR-BrBNA _bpor _cBiblioteca Nacional de Agricultura |
||
| 041 | _a(Pt) | ||
| 072 |
_aE70 _b0170 |
||
| 090 | _aE70 BR6008888 | ||
| 100 | 1 | _aSilva, J.D.M. da | |
| 100 | 1 | _aAmbros, E. | |
| 111 | 1 |
_a1. Simposio Interamericano de Sorgo _cBrasilia, DF (Brazil) _d28 Aug 1972 |
|
| 245 | 1 | _aComercializacao do sorgo granifero | |
| 260 | 3 |
_aBrasilia, DF (Brasil): _c1972. |
|
| 500 | _aAnais do 1. Simposio Interamericano de Sorgo Brasilia, DF (Brasil): 1972. p. 267-269 (BR6008888-AM)E70 | ||
| 650 | _aCOMERCIALIZACAO | ||
| 650 | _aSORGO GRANIFERO | ||
| 773 | 0 |
_tAnais do 1. Simposio Interamericano de Sorgo _wE70 BR6008888 _gBrasilia, DF (Brasil), 1972. p. 267-269 |
|
| 909 |
_a202404 _bLucia _c55 _dLucia Elande |
||
| 942 |
_cAM _2AGRIS |
||
| 999 |
_c302239 _d302239 |
||